01690nam a2200385 a 4500001001000000003000500010005001700015008004100032010001100073011001100084040000900095090001000104100004000114245020600154260004100360500006000401502008600461590003700547590004000584590004000624590004000664650004500704650002300749650005700772650003100829700004000860856001600900856007000916901000700986942001000993942000601003999001901009952014001028952013601168000112136CHAP20220329144247.0151207s2015 mx a |sm |||||||spa d a108597 a109569 cCHAP aTesis1 aCervantes Illescas, Augusto913025310aPropuesta de turismo sustentable para el desarrollo de la comunidad de nevería, municipio de Ixhuatlán del Café, Veracruzh[En línea]cpor Agusto Cervantes Illescas y Guadalupe Vázquz Torres. aChapingo, Méx. :bEl autor,c2015. aPara ver el contenido del material haga clic en la liga aTesis (Ingeniero en Reursos Naturales Renovables) -- UACH. Departamento de Suelos aBATCHb00c20181121lUCH01h0759 aE5652GLJb05c20151207lUCH01h1338 aE5652GLJb05c20151207lUCH01h1338 aE5652GLJb05c20151208lUCH01h080314aDesarrollo sustentablexVeracruz.93209314aEcoturismo.93529814aRecursos naturalesxConservaciónzVeracruz.99533514aTurismozVeracruz.91156231 aVázquez Torres, Guadalupe9130254 a1 n0001524 aFinding aiduhttp://10.13.5.2/tesis/sist112136.pdfzTeclea aquí aBK cTESIS n0 c108597d108597 00102local4053708TESISaBCbBCcPA_TESISd2015-12-08fTESISl0oTesisp33724002515074r2019-12-31 00:00:00tc.2w2019-12-31yTESIS 00104054718TESISaBCbBCd2015-12-08fTESISl0oTesisp33724002515116r2019-12-31 00:00:00w2019-12-31yTESISzRecien adquirido